Fullmetal Alchemist Personnages - Statistiques

Statistiques générales
  • Ce quiz a été pris 504 fois
    160 depuis la dernière actualisation
  • Le résultat moyen est 29 sur 156
Statistiques - réponses
Indice Réponse % Correct
Fullmetal Alchemist Edward Elric
98%
Armored Alchemist Alphonse Elric
97%
Flame Alchemist /Colonel Roy Mustang
88%
Homonculus Envy
79%
Tueur d'Alchimistes Scar
77%
Président / Homonculus Wrath / King Bradley
77%
Homonculus Lust
76%
Alchimiste aux Bras Puissants /Commandant Alex Louis Armstrong
75%
Homonculus Gluttony
75%
Mecano de Resembool Winry Rockbell
73%
Lieutenant Riza Hawkeye
72%
Général de Division Olivia Mira Armstrong
71%
Homonculus / Devil's Nest Greed
67%
Homonculus Pride / Selim Bradley
66%
Alchimiste Tisseur de Vie Shou Tucker / Shô
58%
Prince de Xing Ling Yao / Lin Yao
57%
Lieutenant-Colonel Maes Hughes
57%
Fille de l'Alchimiste Tisseur de Vie Nina Tucker
57%
FMA 2003 Juliet Douglas / Sloth (2003)
53%
Habitante de Reole Rose Thomas
53%
Homonculus Sloth
53%
Mamie de Resembool Pinako Rockbell
52%
FMA 2003 Wrath (2003)
49%
Princesse de Xing May Chang / Mei Chang
48%
Homonculus Homonculus / Father
47%
Propriétaire du Curtis Meats /Alchimiste Izumi Curtis
47%
Sage de l'Ouest / Alchimiste Van Hohenheim
46%
Alchimiste de Cristal / Habitant de Nameless Village Tim Marcoh
45%
Alchimiste Écarlate /Commandant Solf J. Kimblee
43%
Habitante de Resembool Trisha Elric
40%
Sous-Lieutenant Jean Havoc
39%
Garde du Prince de Xing Lan Fan
38%
Chien de l'Alchimiste Tisseur de Vie Alexander
37%
Garde du Prince de Xing Fu / Who
36%
Sous-Lieutenant Maria Ross
35%
Chien de Resembool Den
33%
Prêtre de Reole Cornello
31%
Dieu du Soleil Leto
27%
Serial Killer Barry the Chopper / Number 66
25%
Homme tout Blanc The Truth / La Vérité
25%
Adjudant Chef Vato Falman
25%
Sous-Lieutenant Heymans Breda
24%
Panda de la Princesse de Xing Shao May / Xiao-Mei
24%
Propriétaire du Curtis Meats Sig Curtis
24%
Habitante de Central City Elicia Hughes
21%
Commandant Miles
21%
Rat de Bibliothèque de l'Armée Sheska / Scieszka
21%
Alchimiste aux Sang-Froid /Général de Brigade Basque Grand
20%
Capitaine Buccaneer
20%
Adjudant Kain Fuery
20%
Pickpocket de Rush Valley Paninya
20%
Ancien Lieutenant Yoki
20%
Général Grumman
16%
FMA 2003 Dante
14%
Habitante de Central City Gracia Hughes
14%
Chimère Serpent du Devil's Nest Martel
14%
Chien de l'Armée Black Hayate
13%
Chimère Gorille Darius
13%
Sergent Denny Brosh
13%
Propriétaire d'un Bar à Central Chris Mustang / Madame Christmas
12%
Serial Killer Frères Slicer / Number 48
12%
Chimère Lion Heinkel
12%
Médecin Légiste Knox
12%
Fabriquant d'Automail de Rush Valley Dominic LeCoulte
11%
Alchimiste Isaac McDougal
11%
Femme du Fuhrer Mme. Bradley
11%
Général Raven
11%
Chimère Chien du Devil's Nest Dolcetto / Dolchatte
10%
Fabriquant d'Automail deRush Valley Garfiel
10%
Dieu de la Terre Ishvala
10%
Chimère Taureau du Devil's Nest Roa
10%
Docteur Rockbell Sara Rockbell
10%
Chimère Grenouille Jerso / Gelso
9%
Chimère Sanglier Zampano
9%
Maître de Mustang Berthold Hawkeye
8%
Passeur de Xing Mr. Han / Mister Hang
8%
Famille Armstrong Catherine Elle Armstrong
7%
Alchimiste d'Argent Giolio Comanche / Jolio
7%
FMA 2003 Lyra
6%
Employé du Curtis Meats Mason / Meisson
6%
Armée Frank Archer
5%
Femme de l'Alchimiste Tisseur de Vie Mme. Tucker
5%
Sous-Lieutenant Rebecca Catalina
5%
Xerxes Roi de Xerxes
5%
Membre des Affaires Internes Henry Douglas
4%
Hôtesse d'un Bar à Central Vanessa
4%
Soldat Ayant Participéà la Guerre d'Ishval Alexandre
3%
Chimère Lézard du Devil's Nest Bido
3%
FMA 2003 Elisa
3%
Père du Prince de Xing Empereur de Xing
3%
Ishval Frère de Scar
3%
Ishval du Bidonville d'East City Rick
3%
Docteur Rockbell Urey Rockbell / Yuriy
3%
FMA 2003 Belsio
2%
Soldat Ayant Participé à la Guerre d'Ishval Charlie
2%
Chat de Dublith Chiko
2%
Membre du Culte de Reole Cray
2%
Brigadier Général Edison
2%
FMA 2003 Fletcher Tringham
2%
Général Halcrow / Hakuro
2%
Sous-Lieutenant de Briggs Henschel
2%
FMA 2003 Karin
2%
Famille Armstrong Mme. Armstrong
2%
Famille Armstrong Philip Gargantos Armstrong
2%
FMA 2003 Russell Tringham
2%
Soldat de Briggs Smith
2%
Ingénieur de Briggs Bobby
1%
Habitant de Reole Cain
1%
FMA 2003 Clara
1%
Soldat Ayant Participéà la Guerre d'Ishval Damiano
1%
Brigadier Général Fox
1%
Lieutenant Général Gardner
1%
Général Gärtner
1%
Brigadier Général Général Harris
1%
"Docteur" Gold-Toothed Doctor
1%
Armée Harris
1%
Armée Heathcliff Erbe
1%
Soldat de Briggs Karley
1%
Habitant de Youswell Kyle Halling / Kayal
1%
Soldat de Briggs Liam Roach
1%
FMA 2003 Lujon
1%
FMA 2003 Majhal
1%
Soldat de Briggs Mick Murray
1%
FMA 2003 Nash Tringham
1%
Ingénieur de Briggs Neil
1%
Soldat Ayant Participéà la Guerre d'Ishval Richard
1%
Fabriquant d'Automail deRush Valley Ridel LeCoulte / Lidel
1%
Habitante de Rush Valley Satella LeCoulte
1%
Habitant de Rush Valley Tetsu
1%
Soldat Ayant Participéà la Guerre d'Ishval Albert
0%
Famille Armstrong Amue Armstrong / Armette
0%
Groupe Azur (Blue Squad) Bald / Bardo
0%
Habitant de Youswell Bidd
0%
Armée Cohen
0%
Soldat Ayant Participéà la Guerre d'Ishval Dino
0%
Ravitailleur des Docteurs Rockbell Edgy
0%
Soldat Ayant Participéà la Guerre d'Ishval Fabio
0%
Général de Brigade Fessler
0%
Capitaine Focker
0%
Antiquaire de Rush Valley Glotz
0%
Habitante de Nameless Village Kiri
0%
Brigadier Général Klemin
0%
Habitant de Youswell Kotta
0%
Chef des Ishval Logue Lowe / Rog-Lowe
0%
FMA 2003 Lydia
0%
Hôtesse d'un Bar à Central Madeline
0%
Habitante de Dublith Menny / Mainy
0%
Habitant de Youswell M. Halling / Howling
0%
Habitante de Youswell Mme. Halling
0%
Easter Egg Mobuo Mobuta
0%
Soldat Ayant Participéà la Guerre d'Ishval Roger
0%
Ishval des Ruines de Xerxes Shan
0%
Conseiller du Président Storch
0%
Famille Armstrong Strongine Armstrong / Stronguette
0%
Chimère Crocodile du Devil's Nest Ulchi / Uruchi
0%
Bureau des Affectations Yakovlev
0%
Aucun quiz correspondant
Distribution des résultats
% des personnes avec chaque résultat
Percentile par nombre de réponses
Votre historique - résultats
Vous n’avez pas pris ce quiz depuis la dernière actualisation